000 00483nmm a2200157Ia 4500
008 251105s9999||||xx |||||||||||||||||und||
041 _aspa
100 _aRolland, Romain
245 0 _aMás allá de la contienda
264 _a[Madrid, España] :
_bNordica Libros,
_c[Fecha de publicación no identificada]
300 _a0 páginas
490 _aOtras Latitudes
650 _aSocial Sciences (General)
856 _uhttps://public.digitaliapublishing.com/a/88389
942 _cCF
999 _c100376
_d100376